| 000 | 00625nam a2200229 a 4500 | ||
|---|---|---|---|
| 999 |
_c11729 _d11729 |
||
| 001 | 11729 | ||
| 003 | BD-JhCC | ||
| 005 | 20201103123826.0 | ||
| 008 | 200810s2020 ii a|||| |||| 000 0 eng d | ||
| 020 | _a9788131932520 | ||
| 035 | _a(BD-JhCC)11729 | ||
| 040 |
_aBD-JhCC _dBD-JhCC |
||
| 041 | _aeng | ||
| 082 |
_a032.02 _bNAR 2016 |
||
| 100 | _aNarang, Manmeet | ||
| 245 |
_a365 Wonders Of The World / _cManmeet Narang |
||
| 260 |
_aIndia : _bB. Jain Publishers (P) Ltd., _c2016. |
||
| 300 |
_a200 p. : _billus _c30 cm. |
||
| 650 | _aCuriosities and wonders--Juvenile literature. | ||
| 942 |
_2ddc _cBK |
||